000 00601nam a22002297a 4500
003 UA-OsUOA
001 90452
007 ta
008 20121116b un ||||| |||| 00| 0 ukr d
100 _aМысык В.
090 _a821.161.2
_bМ96
942 _cBK
040 _aUA-OsUOA
_brus
_cUA-OsUOA
_dUA-OsUOA
245 _aЧернотроп
_bстихи
300 _a1965 с.
955 _a3
041 _arus
080 _a821.161.2
260 _aМ.
_bСоветский писатель
_c1970
650 7 _a82 Література. Літературознавство
_2UDC
999 _c376545
_d376545